000 00809nam a2200253Ia 4500
003 OSt
005 20220928123941.0
006 a|||||r|||| 00| 0
007 ta
008 220927b |||||||| |||| 00| 0 eng d
020 _c8625.6000000000004
024 _a129776
037 _b201, 03/03/2016, Excel Book International
_cTextual
040 _aSDCL
_cSDCL
_beng
041 _2eng
_aeng
082 _aO-:(W:5), Q6
100 _aMOORE Alexandra Schultheis
_9462517
245 0 _aVulnerability and security in human rights literature and visual culture
260 _aNew York
_b Routledge
_c2016
300 _axv,262p
_ccm.
650 _aEnglish
942 _hO-:(W:5), Q6
_cTEXL
_2CC
999 _c775489
_d775489